000 00645nam a2200229Ia 4500
005 20260429112104.0
008 260429s9999||||xx |||||||||||||| ||und||
020 _a9781032451145
041 _aEnglish
082 _a613.7107
_bCUL
100 _aCullinane, Adam
245 0 _aIntroduction to performance analysis of sport /
_cAdam Cullinane
250 _a2nd ed.
260 _aLondon :
_bRoutledge,
_c2024.
300 _axi, 194 p.; pbk
440 _aRoutledge studies in sports performance analysis
650 _a Performance analysis
650 _aSport
700 _a Davies, Gemma
700 _a O'Donoghue, Peter
942 _cTB
999 _c52289
_d52289